| 000 | 00692nam a22002177a 4500 | ||
|---|---|---|---|
| 003 | LK-CoMWRAF | ||
| 005 | 20231206155231.0 | ||
| 008 | 230925b1995 |||||||| |||| 00| 0 eng d | ||
| 020 | _a0486285081 | ||
| 040 |
_aLK-CoMWRAF _dLK-CoMWRAF _eLK-CoMWRAF |
||
| 041 | _aeng | ||
| 082 |
_a818.303 _bEME |
||
| 100 | _a Emerson, Ralph Waldo | ||
| 245 | _a The heart of Emerson's journals | ||
| 260 |
_aNew York: _bDover publications, _c1995 |
||
| 300 |
_a ix, 357 pages, 1 unnumbered leaf of plates : portrait ; 21 cm. _bIndex included |
||
| 650 | _a Emerson, Ralph Waldo, 1803-1882--Diaries. | ||
| 650 | _aAuthors, American--19th century--Diaries. | ||
| 700 |
_aPerry, Bliss _eed. |
||
| 942 | _cBK | ||
| 999 |
_c3660 _d3660 |
||